Responses for Show #7337 - Tuesday, July 5, 2016

Contestants

[<< previous game]

Julie Vazquez-Souza, an operations administrator from San Diego, California

TJ Bateman, a software Q.A. lead from Charlottesville, Virginia

Liz Hedreen, a stay-at-home mom from Kirkland, Washington (whose 1-day cash winnings total $21,600)

[next game >>]

Jeopardy! Round responses

HEY HEY WE'RE THE MAORIS!
WOMEN IN SCIENCE
TALKING BASEBALL
POTPOURRI, FROM US TO YOU
POLITICS
IT'S ALL "APPLE" SAUCE
    $200 15
New Zealand

TJ
    $200 2
pasteurization

TJ
    $200 26
the cycle

Liz
    $200 11
Little Debbie

Julie
    $200 17
a captain

TJ
    $200 1
the Adam's apple

TJ
    $400 22
tattoos

Liz
    $400 3
DNA

TJ
    $400 27
change-up

Triple Stumper
    $400 12
(Alex: Talking about Germany, usually you're talking about [*].)

the Rhine

Triple Stumper
    $400 18
a mandate

TJ
    $400 7
(TJ: Who is Johnny Applesauce?)
[Laughter]
...
(Alex: Uh, not--not too costly an error, TJ, but a funny one. A funny one.)

Johnny Appleseed

TJJulie
    $600 23
Whale Rider

Triple Stumper
    $600 4
chemotherapy

TJ
    $600 28
(Alex: If the player's on base he'll call [*].)
[The end-of-round signal sounds.]

a balk

Triple Stumper
    $600 13
Harry

TJ
    $600 19
Super Tuesday

TJ
    $600 8
the Big Apple

TJ
    $1,400 24
(Alex: And now we have less than a minute.)

Maui

Liz
    $800 5
(Liz: What are supernovas?)

novas

LizJulie
    $800 14
loud

Liz
    $800 20
the incumbent

Triple Stumper
    $800 9
apple pie

TJ
    $1000 25
jade

Triple Stumper
    $1000 6
(TJ: What is chicken pox?)
(Julie: Uh, what are measles?)

scarlet fever

TJJulie
Triple Stumper
    $1000 16
jeans (or pants or marks)

Liz
    $1000 21
a ground game

Triple Stumper
    $1000 10
a grappler

Julie

Scores at the first commercial break (after clue 15):

Liz TJ Julie
$0 $2,200 $1,400

Scores at the end of the Jeopardy! Round:

Liz TJ Julie
$3,000 $3,400 $1,400

Double Jeopardy! Round responses

MONUMENTS & MEMORIALS
"U" ON THE MAP
THEIR LAST TOP 10 POP HIT, SO FAR
SOME HARSH WORDS FOR YOU
A NAME IN THE TITLE
BATTLE OF BRITAIN
    $400 6
(Thomas) Edison

TJ
    $400 1
United Arab Emirates

Liz
    $400 21
Elton John

Liz
    $400 16
crude

Liz
    $400 11
Charlie

Julie
    $400 25
(Liz: Who is Cromwell?)
(Julie: [*]?)
(Alex: Say it again.)
(Julie: [*]?)
...
(Alex: Julie, you forgot to phrase it in the form of a question in Double Jeopardy!)
(Julie: I'm sorry.)
(Alex: That's why we penalized you.)

William the Conqueror

LizTJJulie
    $800 7
John Brown

TJ
    $800 2
Ulster

TJ
    $800 22
Captain & Tennille

Triple Stumper
    $800 17
stark

Liz
    $800 12
Anne Brontë

Liz
    $800 24
Scotland

Liz
    $5,400 8
Arthur Ashe

TJ
    $1200 3
the Urals

Liz
    $1200 23
R.E.M.

TJ
    $1200 18
cruel

TJ
    $1200 13
Bartleby, the scrivener

Triple Stumper
    $1200 26
King Arthur

TJ
    $1600 9
Martin Luther King, Jr.

Julie
    $1600 4
Ulaanbaatar

Liz
    $1600 29
the Go-Go's

Julie
    $1600 19
bitter

Liz
    $1600 14
Antigone

Liz
    $1600 27
the Civil War

Triple Stumper
    $2000 10
the Flight 93 Memorial

Triple Stumper
    $2000 5
Uppsala

Liz
    $2000 30
The Supremes

TJ
    $2000 20
desolate

Julie
    $2000 15
Humboldt

Liz
    $2,000 28
the War of the Roses

TJ

Scores at the end of the Double Jeopardy! Round:

Liz TJ Julie
$16,200 $18,800 $6,600

[wagering suggestions for these scores]

Final Jeopardy! Round responses

FAMOUS AMERICANS
(Alex: Who's going to have a lot of descendants? Perhaps someone with a lot of wives.)
...
(Alex: [To TJ] The correct response is [*]. Had 26 wives, 47 children, a lot of descendants.)
JulieWho is Abraham Linc
$6,600
LizWho was Andrew jackson
$16,200
TJWho is R[illegible]
$13,601
Brigham Young

Final scores:

Liz TJ Julie
$0 $5,199 $0
2nd place: $2,000 New champion: $5,199 3rd place: $1,000

Game dynamics:

Coryat scores:

Liz TJ Julie
$15,600 $14,600 $6,600
17 R
(including 1 DD),
2 W
21 R
(including 2 DDs),
2 W
8 R,
2 W

Combined Coryat: $36,800

[game clues] [game scores] [suggest correction]

Game tape date: 2016-03-30
The J! Archive is created by fans, for fans. Scraping, republication, monetization, and malicious use prohibited; this site may use cookies and collect identifying information. See terms. The Jeopardy! game show and all elements thereof, including but not limited to copyright and trademark thereto, are the property of Jeopardy Productions, Inc. and are protected under law. This website is not affiliated with, sponsored by, or operated by Jeopardy Productions, Inc. Join the discussion at JBoard.tv.